000 00728nam a22002057a 4500
003 OSt
005 20240902114057.0
008 240902b ||||| |||| 00| 0 eng d
040 _cAIMIT LIBRARY
100 _aPujari, Chaitanya Raghavendra.
_e2216039
_9178436
245 _aComparative analysis of Hasha's financial performance: a comprahensive study /
_cBy Chaitanya Raghavendra Pujari.
260 _aUdupi;
_c2024.
650 _aLiterature review
_9178437
650 _aResearch methodology
_9178438
650 _aData analysis and interpretation
_9178439
650 _aDiscussion results and managerial implications
_9178440
700 _aGowthami
_eGuide
_9178441
856 _3Prakash Retail Pvt Ltd.
942 _2ddc
_cPRO
999 _c231695
_d231695